| 000 | 01049cam a2200253 4500 | ||
|---|---|---|---|
| 008 | 020920n2002 000 0 eng u | ||
| 020 | _a0727731998 | ||
| 035 | _a(Sirsi) u119760 | ||
| 041 | _aeng. | ||
| 050 |
_a624.08 _c18 |
||
| 110 |
_aInstitution of Civil Engineers _91402 |
||
| 245 | _aICE conditions of contract term version: guidance notes | ||
| 260 |
_aLondon _bThomas Telford _c2002 |
||
| 300 |
_aiv, 28p. _c31cm. |
||
| 350 | _a15 | ||
| 520 | _aThese Guidance Notes have been prepared specifically by the Conditions of Contract Standing Joint Committee (CCSJC) to assist users of the ICE Conditions of Contract, Term Version in the preparation of contract documents and the carrying out of the contract Works. | ||
| 650 | _aCIVIL ENGINEERING CONTRACTS | ||
| 650 | _aICE CONDITIONS OF CONTRACT TERM VERSION | ||
| 650 | _aENGINEERING CONTRACTS | ||
| 690 | _aBUILT ENVIRONMENT-BUILDING CONTRACT FORMS | ||
| 710 |
_aAssociation of Consulting Engineers _91225 |
||
| 710 |
_aEngineering Contractors Association _94393 |
||
| 942 | _n0 | ||
| 999 |
_c102384 _d102384 |
||